000 00501nam a2200181Ia 4500
008 100921s9999 xx 000 0 und d
082 _b15417
_a820 थ 37
100 _aKesksr Y.D.
245 _aGroundwork Of Book Keeping.
260 _b---
_c1937
300 _a248
_b---
365 _b1.75
520 _aललित इंग्रजी.
630 _aGroundwork Of Book Keeping.
650 _aललित इंग्रजी.
730 _aGroundwork Of Book Keeping.
942 _cBOOK
999 _c764530
_d764527